书目信息 |
| 题名: |
植物与植物生理
|
|
| 作者: | 王宝库 主编 | |
| 分册: | ||
| 出版信息: | 北京 中国轻工业出版社 2011.06 |
|
| 页数: | 250页 | |
| 开本: | 24cm | |
| 丛书名: | ||
| 单 册: | ||
| 中图分类: | Q94 , Q945 | |
| 科图分类: | ||
| 主题词: | 植物学--高等职业教育--教材 , 植物生理学--高等职业教育--教材 , 植物学 , 植物生理学 | |
| 电子资源: | ||
| ISBN: | 978-7-5019-8220-2 | |
| 000 | 00978nam0 2200289 45 | |
| 001 | 1355400218 | |
| 005 | 20130513144924.06 | |
| 010 | @a978-7-5019-8220-2@dCNY29.50 | |
| 100 | @a20130108d2011 em y0chiy50 ea | |
| 101 | 0 | @achi |
| 102 | @aCN@b110000 | |
| 105 | @aak z 000yy | |
| 106 | @ar | |
| 200 | 1 | @a植物与植物生理@AZhi Wu Yu Zhi Wu Sheng Li@f王宝库主编@FWang Bao Ku Zhu Bian |
| 210 | @a北京@c中国轻工业出版社@d2011.06 | |
| 215 | @a250页@c图@d24cm | |
| 300 | @a行动导向教学法应用成果教材 普通高等职业教育“十二五”规划教材 适用于种植类各专业 | |
| 330 | @a本书主要内容包括:光学显微镜的使用与保养及植物微观结构观察;植物器官形态、结构的观察;植物基本生理功能的检验等。 | |
| 606 | 0 | @a植物学@x高等职业教育@j教材 |
| 606 | 0 | @a植物生理学@x高等职业教育@j教材 |
| 606 | 0 | @a植物学 |
| 606 | 0 | @a植物生理学 |
| 690 | @aQ94@v5 | |
| 690 | @aQ945@v5 | |
| 701 | 0 | @a王宝库@AWang Bao Ku@4主编 |
| 801 | @aCN@bTANGWEI@c20130111 | |
| 905 | @b0830998-1000@dQ94@e203@f3 | |
| 植物与植物生理/王宝库主编.-北京:中国轻工业出版社,2011.06 |
| 250页:图;24cm |
| 行动导向教学法应用成果教材 普通高等职业教育“十二五”规划教材 适用于种植类各专业 |
| ISBN 978-7-5019-8220-2:CNY29.50 |
| 本书主要内容包括:光学显微镜的使用与保养及植物微观结构观察;植物器官形态、结构的观察;植物基本生理功能的检验等。 |
| ● |
| 相关链接 |
|
|
|
|
正题名:植物与植物生理
索取号:Q94/203
 
预约/预借
| 序号 | 登录号 | 条形码 | 馆藏地/架位号 | 状态 | 备注 |
| 1 | 0830998 | 208309980 | 第二样本阅览室/ [索取号:Q94/203] | 在馆 | |
| 2 | 0830999 | 208309999 | 第三借阅区/ [索取号:Q94/203] | 在馆 | |
| 3 | 0831000 | 208310004 | 第三借阅区/ [索取号:Q94/203] | 在馆 |